Normal view
MARC view
- Janjua, Asad Asghar
Entry Personal Name
001 - CONTROL NUMBER
- control field: 35521
003 - CONTROL NUMBER IDENTIFIER
- control field: NUST
005 - DATE AND TIME OF LATEST TRANSACTION
- control field: 20201123102758.0
008 - FIXED-LENGTH DATA ELEMENTS
- fixed length control field: 201123|| aca||aabn | a|a d
040 ## - CATALOGING SOURCE
- Original cataloging agency: NUST
- Transcribing agency: NUST
100 ## - HEADING--PERSONAL NAME
- Personal name: Janjua, Asad Asghar
670 ## - SOURCE DATA FOUND
- Source citation: Work cat.: (NUST): Janjua, Asad Asghar, Modeling and Control of a Non-Linear Quarter Vehicle Active Suspension System using Hybrid Fuzzy-LQR Controller /, 2014.
